[Event "22. Copenhagen Open  (Politiken Cup)"]
[Site "Copenhagen"]
[Date "2000.07.18"]
[Round "2"]
[White "Adamski, Jan"]
[Black "Mortensen, Henrik"]
[Result "1-0"]
[WhiteElo "2381"]
[BlackElo "2089"]
[PlyCount "47"]
[EventDate "2000.07.17"]
[EventType "swiss"]
[EventRounds "11"]
[EventCountry "DEN"]
[SourceDate "2004.01.01"]

1. d4 Nf6 2. Nf3 c5 3. c4 cxd4 4. Nxd4 e5 5. Nb5 d5 6. cxd5 Bc5 7. e3 O-O 8.
N5c3 e4 9. a3 Bf5 10. Be2 Re8 11. O-O Bg6 12. Nd2 Nbd7 13. b4 Bd6 14. Nc4 Be5
15. Bb2 Rc8 16. Rc1 Bb8 17. Nb5 Ne5 18. Bxe5 Bxe5 19. d6 Nd7 20. Nxa7 Rxc4 21.
Rxc4 Nb6 22. d7 Qxd7 23. Qxd7 Nxd7 24. Rc8 1-0

[Event "22. Copenhagen Open  (Politiken Cup)"]
[Site "Copenhagen"]
[Date "2000.07.18"]
[Round "2"]
[White "Andersen, Finn"]
[Black "Pedersen, Christian Kyndel"]
[Result "0-1"]
[WhiteElo "1531"]
[BlackElo "2127"]
[PlyCount "106"]
[EventDate "2000.07.17"]
[EventType "swiss"]
[EventRounds "11"]
[EventCountry "DEN"]
[SourceDate "2004.01.01"]

1. e4 c6 2. Nc3 d5 3. Nf3 dxe4 4. Nxe4 Nf6 5. Qe2 Bf5 6. Nxf6+ gxf6 7. d4 Qc7
8. Be3 e6 9. Nh4 Bg6 10. Nxg6 hxg6 11. Qd2 Bd6 12. g3 Nd7 13. c3 O-O-O 14. Qc2
Qa5 15. Bd3 e5 16. b4 Qd5 17. Be4 Qc4 18. Qb3 Qxb3 19. axb3 exd4 20. O-O-O dxe3
21. Rxd6 exf2 22. Bg2 Rde8 23. Kd2 Kc7 24. Rd4 Re1 25. Rxe1 fxe1=Q+ 26. Kxe1
Rxh2 27. Kf1 Ne5 28. Kg1 Rh8 29. Kf2 Rd8 30. Ke3 Rxd4 31. Kxd4 Kd6 32. c4 b6
33. c5+ Kc7 34. Be4 b5 35. Bg2 Kd7 36. Bh3+ Ke7 37. Ke4 Nd7 38. Kd4 f5 39. Bg2
Nb8 40. Ke5 f6+ 41. Kd4 Ke6 42. Bf3 g5 43. Bg2 Kd7 44. Bh3 g4 45. Bg2 Na6 46.
Kc3 Nc7 47. Bh1 Nd5+ 48. Kd3 Nxb4+ 49. Kc3 a5 50. Bg2 Ke6 51. Kd4 a4 52. bxa4
bxa4 53. Bf1 f4 0-1

[Event "22. Copenhagen Open  (Politiken Cup)"]
[Site "Copenhagen"]
[Date "2000.07.18"]
[Round "2"]
[White "Andersen, Matias Lolk"]
[Black "Berg, Olaf"]
[Result "0-1"]
[WhiteElo "1096"]
[BlackElo "1795"]
[PlyCount "142"]
[EventDate "2000.07.17"]
[EventType "swiss"]
[EventRounds "11"]
[EventCountry "DEN"]
[SourceDate "2004.01.01"]

1. e4 c5 2. Nf3 d6 3. d4 cxd4 4. Nxd4 Nf6 5. Nc3 a6 6. Bd3 b5 7. b4 Nbd7 8. O-O
Bb7 9. Re1 Rc8 10. Bb2 Qb6 11. Nf3 Ng4 12. Qd2 Nde5 13. Nxe5 Nxe5 14. Qe3 Qxe3
15. Rxe3 Nc4 16. Bxc4 Rxc4 17. a3 e6 18. Rd1 Be7 19. Rde1 Bf6 20. Kf1 Ke7 21.
Rd1 Rhc8 22. Rdd3 g6 23. f3 Bg5 24. Re2 Bf6 25. Ree3 Bd4 26. Nd5+ exd5 27. Bxd4
dxe4 28. c3 f5 29. f4 Ke6 30. h4 Bd5 31. g3 Rxb4 32. axb4 Bc4 33. Ke1 Bxd3 34.
Kd2 Ra8 35. Bb6 Kd5 36. Kc1 Kc4 37. Kb2 Kd5 38. Kc1 Kc6 39. Ba5 Ra7 40. Bd8 Kd7
41. Bb6 Rb7 42. Ba5 Rb8 43. Kb2 Kc6 44. Kc1 Kb7 45. Kb2 Rc8 46. Kb3 d5 47. Kb2
Rc4 48. Kb3 d4 49. cxd4 Rxd4 50. Kb2 Rc4 51. Kb3 Rc2 52. Bd8 Rf2 53. Kc3 Kc6
54. Be7 Kd5 55. Bc5 Rc2+ 56. Kb3 a5 57. bxa5 Kxc5 58. a6 Kb6 59. Re1 Kxa6 60.
Ra1+ Kb7 61. Rb1 Rc3+ 62. Kxc3 Bxb1 63. Kd2 Kc6 64. Kc1 Bd3 65. Kd2 Kd5 66. Kd1
Kd4 67. Kd2 e3+ 68. Kd1 Kc3 69. Kc1 b4 70. Kd1 b3 71. Ke1 b2 0-1

[Event "22. Copenhagen Open  (Politiken Cup)"]
[Site "Copenhagen"]
[Date "2000.07.18"]
[Round "2"]
[White "Andersen, Tom Juul"]
[Black "Hansen, Henrik Damgaard"]
[Result "1-0"]
[WhiteElo "2106"]
[BlackElo "1508"]
[PlyCount "63"]
[EventDate "2000.07.17"]
[EventType "swiss"]
[EventRounds "11"]
[EventCountry "DEN"]
[SourceDate "2004.01.01"]

1. d4 Nf6 2. Nf3 c5 3. g3 e6 4. Bg2 cxd4 5. O-O Nc6 6. Nxd4 Be7 7. e4 O-O 8.
Nxc6 dxc6 9. Qe2 e5 10. Nd2 Qc7 11. b3 Be6 12. Bb2 Rad8 13. f4 exf4 14. gxf4
Bg4 15. Qe1 Nh5 16. h3 Bc8 17. Nc4 Bc5+ 18. Kh1 f6 19. Qh4 g6 20. Rae1 b5 21.
Ne3 Qf7 22. Bf3 Ng7 23. Ng4 Bxg4 24. hxg4 Ne8 25. e5 Rd2 26. e6 Qc7 27. Be4 Qb6
28. Qh6 Bf2 29. Bxg6 hxg6 30. Qxg6+ Kh8 31. e7 Rg8 32. Qh6# 1-0

[Event "22. Copenhagen Open  (Politiken Cup)"]
[Site "Copenhagen"]
[Date "2000.07.18"]
[Round "2"]
[White "Andreasen, Per Naesby"]
[Black "Aabling Thomsen, Jakob"]
[Result "1-0"]
[WhiteElo "2293"]
[BlackElo "1589"]
[PlyCount "57"]
[EventDate "2000.07.17"]
[EventType "swiss"]
[EventRounds "11"]
[EventCountry "DEN"]
[SourceDate "2004.01.01"]

1. c4 c5 2. Nf3 g6 3. e3 Nf6 4. Nc3 Nc6 5. d4 cxd4 6. exd4 d5 7. cxd5 Nxd5 8.
Bc4 Nxc3 9. Qb3 e6 10. bxc3 Na5 11. Bb5+ Bd7 12. Qa4 Nc6 13. d5 exd5 14. O-O
Be7 15. Bh6 a6 16. Bxc6 Bxc6 17. Qd4 Bf6 18. Rfe1+ Kd7 19. Qg4+ Kc7 20. Bf4+
Kb6 21. Rab1+ Ka7 22. Be3+ Kb8 23. Qf4+ Kc8 24. Bb6 g5 25. Bxd8 gxf4 26. Bxf6
Rg8 27. Nd4 Bd7 28. f3 Bh3 29. Rb2 1-0

[Event "22. Copenhagen Open  (Politiken Cup)"]
[Site "Copenhagen"]
[Date "2000.07.18"]
[Round "2"]
[White "Antonsen, Mikkel"]
[Black "Osttveit, Martin"]
[Result "1-0"]
[WhiteElo "2377"]
[BlackElo "2079"]
[PlyCount "73"]
[EventDate "2000.07.17"]
[EventType "swiss"]
[EventRounds "11"]
[EventCountry "DEN"]
[SourceDate "2004.01.01"]

1. d4 Nf6 2. c4 g6 3. Nc3 Bg7 4. e4 d6 5. f3 O-O 6. Nge2 c5 7. d5 e6 8. Ng3
exd5 9. cxd5 a6 10. a4 Nbd7 11. Be2 Rb8 12. O-O Re8 13. Be3 Ne5 14. h3 Qc7 15.
Qd2 b6 16. Rfc1 Re7 17. Nh1 Ne8 18. Nf2 f5 19. b4 Qd8 20. Rab1 Ra8 21. a5 cxb4
22. Rxb4 b5 23. Bb6 Qd7 24. f4 Bh6 25. Be3 Nc4 26. Bxc4 bxc4 27. Na4 fxe4 28.
Nb6 Qb7 29. Rbxc4 Bd7 30. Nxa8 Qxa8 31. Rxe4 Rf7 32. Rec4 Nf6 33. Ne4 Nxd5 34.
Nxd6 Re7 35. Rc8+ Bxc8 36. Rxc8+ Qxc8 37. Nxc8 1-0

[Event "22. Copenhagen Open  (Politiken Cup)"]
[Site "Copenhagen"]
[Date "2000.07.18"]
[Round "2"]
[White "Auchenberg, Per"]
[Black "Maechel, Michael"]
[Result "1-0"]
[WhiteElo "2006"]
[BlackElo "1611"]
[PlyCount "95"]
[EventDate "2000.07.17"]
[EventType "swiss"]
[EventRounds "11"]
[EventCountry "DEN"]
[SourceDate "2004.01.01"]

1. f4 d5 2. b3 Nf6 3. Bb2 g6 4. Nf3 Bg4 5. Ne5 Bf5 6. g4 Be6 7. g5 Nh5 8. Nxg6
fxg6 9. Bxh8 Nxf4 10. e3 Nh3 11. Bxh3 Bxh3 12. Qf3 Bf5 13. Nc3 e6 14. e4 dxe4
15. Nxe4 Nd7 16. Nf6+ Nxf6 17. Bxf6 Be7 18. Bxe7 Qxe7 19. Qxb7 Rd8 20. Qc6+ Kf8
21. O-O-O Qxg5 22. Qxc7 Qf6 23. Qc3 e5 24. Rhf1 Kg8 25. Rde1 Re8 26. Re3 Qa6
27. Qc4+ Qxc4 28. bxc4 e4 29. Ra3 Re7 30. Re1 Rc7 31. d3 exd3 32. cxd3 Kg7 33.
Kd2 Kh6 34. Re8 Rb7 35. Rb3 Rf7 36. Kc3 a5 37. Rb2 Bd7 38. Re3 Bf5 39. d4 g5
40. d5 Rc7 41. Kd4 g4 42. c5 Kg5 43. c6 h5 44. Re5 h4 45. Rf2 Rf7 46. Rexf5+
Rxf5 47. Rxf5+ Kxf5 48. c7 1-0

[Event "22. Copenhagen Open  (Politiken Cup)"]
[Site "Copenhagen"]
[Date "2000.07.18"]
[Round "2"]
[White "Bering, Anders"]
[Black "Radovic, Slobodan"]
[Result "1-0"]
[WhiteElo "1943"]
[BlackElo "1389"]
[PlyCount "113"]
[EventDate "2000.07.17"]
[EventType "swiss"]
[EventRounds "11"]
[EventCountry "DEN"]
[SourceDate "2004.01.01"]

1. e4 c5 2. Nf3 d6 3. d4 cxd4 4. Qxd4 a6 5. c4 e5 6. Qd2 Nf6 7. Nc3 Be6 8. b3
Be7 9. Be2 h6 10. O-O Nbd7 11. Ba3 Qc7 12. Ne1 g5 13. f3 Nf8 14. Nd5 Bxd5 15.
cxd5 Qb6+ 16. Kh1 Ng6 17. Nd3 O-O 18. Rac1 Nd7 19. Rc2 Rac8 20. Rfc1 Rxc2 21.
Rxc2 Nc5 22. Qe3 Nd7 23. Qxb6 Nxb6 24. Rc7 Rc8 25. Rxc8+ Nxc8 26. g3 f6 27. Nb2
b5 28. Bb4 Bd8 29. Bd2 Bb6 30. a4 Bd4 31. Nd1 Na7 32. Ne3 Ne7 33. Nc2 Bb6 34.
Na3 bxa4 35. bxa4 Bc5 36. Nc4 Nac8 37. Nb2 Bd4 38. Nd1 Nb6 39. a5 Na4 40. Bxa6
Kf8 41. Bc4 Nc8 42. Ne3 Bxe3 43. Bxe3 Nc5 44. Kg2 h5 45. h4 g4 46. Bxc5 gxf3+
47. Kxf3 dxc5 48. a6 Ke7 49. Ke3 Kd6 50. Be2 Kc7 51. Bxh5 c4 52. Be2 Nd6 53. h5
c3 54. h6 Nxe4 55. Bd3 Nd6 56. h7 Nf7 57. d6+ 1-0

[Event "22. Copenhagen Open  (Politiken Cup)"]
[Site "Copenhagen"]
[Date "2000.07.18"]
[Round "2"]
[White "Bogdanov, Dimitri"]
[Black "Bekker Jensen, Simon"]
[Result "0-1"]
[WhiteElo "2093"]
[BlackElo "2388"]
[PlyCount "82"]
[EventDate "2000.07.17"]
[EventType "swiss"]
[EventRounds "11"]
[EventCountry "DEN"]
[SourceDate "2004.01.01"]

1. e4 c5 2. Nc3 Nc6 3. f4 g6 4. Nf3 Bg7 5. Bb5 Nd4 6. O-O Nxb5 7. Nxb5 a6 8.
Nc3 b5 9. d3 d6 10. Kh1 Nf6 11. Qe1 O-O 12. Qh4 e6 13. f5 b4 14. Ne2 exf5 15.
exf5 Nh5 16. Bg5 Bf6 17. fxg6 fxg6 18. Ng3 Nxg3+ 19. Qxg3 Bb7 20. Bh6 Re8 21.
Qf4 Bd5 22. Ng5 Bxb2 23. Rab1 Be5 24. Qf2 Bg7 25. Bxg7 Kxg7 26. Ne4 Rf8 27. Qg3
Bxe4 28. dxe4 Qe7 29. Rfe1 Qe5 30. Qxe5+ dxe5 31. Re2 Rad8 32. Kg1 Rd4 33. Rbe1
Rfd8 34. Kf2 Rc4 35. Kf3 Rc3+ 36. Kf2 Kf6 37. Ra1 Ke6 38. Rc1 a5 39. Re3 Rd2+
40. Re2 Rxe2+ 41. Kxe2 Ra3 0-1

[Event "22. Copenhagen Open  (Politiken Cup)"]
[Site "Copenhagen"]
[Date "2000.07.18"]
[Round "2"]
[White "Brinck Claussen, Bjorn"]
[Black "Andersen, Rune"]
[Result "1-0"]
[WhiteElo "2359"]
[BlackElo "2077"]
[PlyCount "87"]
[EventDate "2000.07.17"]
[EventType "swiss"]
[EventRounds "11"]
[EventCountry "DEN"]
[SourceDate "2004.01.01"]

1. e4 c5 2. Nf3 Nc6 3. d4 cxd4 4. Nxd4 g6 5. Nc3 Bg7 6. Be3 Nf6 7. Bc4 O-O 8.
Bb3 Ng4 9. Qxg4 Nxd4 10. Qh4 Bf6 11. Qg3 Qa5 12. Bd2 Nxb3 13. cxb3 Qe5 14. Bf4
Qe6 15. O-O Bxc3 16. bxc3 f6 17. Rfe1 d6 18. Qd3 Bd7 19. c4 Bc6 20. Bd2 g5 21.
Re3 Rf7 22. Rae1 h5 23. h4 gxh4 24. Rh3 Qg4 25. f3 Qg6 26. Rxh4 Rg7 27. Re2 a6
28. a4 Kf7 29. a5 d5 30. Qe3 dxc4 31. bxc4 Rag8 32. Qc5 Rh7 33. Bb4 Qg5 34.
Qxe7+ Kg6 35. Qe6 Re8 36. Qh3 Qc1+ 37. Re1 Qxc4 38. e5 Qe6 39. Qg3+ Kf7 40. Rf4
f5 41. Qg5 Bd7 42. Rd4 Rg8 43. Rxd7+ Qxd7 44. e6+ 1-0

[Event "22. Copenhagen Open  (Politiken Cup)"]
[Site "Copenhagen"]
[Date "2000.07.18"]
[Round "2"]
[White "Brynell, Stellan"]
[Black "Hansen, Henrik Michael"]
[Result "1-0"]
[WhiteElo "2484"]
[BlackElo "2119"]
[PlyCount "107"]
[EventDate "2000.07.17"]
[EventType "swiss"]
[EventRounds "11"]
[EventCountry "DEN"]
[SourceDate "2004.01.01"]

1. e4 e5 2. Nf3 d6 3. d4 Nf6 4. dxe5 Nxe4 5. Qd5 Nc5 6. Bg5 Qd7 7. exd6 Bxd6 8.
Nc3 O-O 9. O-O-O h6 10. Be3 Qe7 11. Qh5 Nbd7 12. Nd5 Qe4 13. Rd4 Qg6 14. Qh4
Nb6 15. Ne7+ Bxe7 16. Qxe7 Ne6 17. Rd1 c6 18. Bd3 Qg4 19. Qh4 Qxh4 20. Nxh4 Nd5
21. Bd2 Nef4 22. Bf1 Ng6 23. Nxg6 fxg6 24. f3 Be6 25. Bd3 g5 26. Rhe1 Rae8 27.
Re5 Bd7 28. Rde1 Kf7 29. R5e4 Rxe4 30. fxe4 Nf4 31. Bf1 Re8 32. Bc3 Ng6 33.
Bc4+ Be6 34. Rf1+ Kg8 35. Be2 Nf4 36. Bf3 Rd8 37. g3 Ng6 38. Bh5 Kh7 39. Be2
Rf8 40. a4 Rxf1+ 41. Bxf1 g4 42. Kd2 Nh8 43. Bd4 a6 44. Kc3 Nf7 45. Kb4 Nd6 46.
Ka5 Nc8 47. Bc5 Kg6 48. Bxa6 bxa6 49. Kxa6 Kf7 50. Kb7 Bd7 51. Kc7 Ke6 52. a5
g6 53. a6 h5 54. c3 1-0

[Event "22. Copenhagen Open  (Politiken Cup)"]
[Site "Copenhagen"]
[Date "2000.07.18"]
[Round "2"]
[White "Brondum, Jan Kraul"]
[Black "Grand, Hans Henrik"]
[Result "1/2-1/2"]
[WhiteElo "1452"]
[BlackElo "2036"]
[PlyCount "110"]
[EventDate "2000.07.17"]
[EventType "swiss"]
[EventRounds "11"]
[EventCountry "DEN"]
[SourceDate "2004.01.01"]

1. e4 c5 2. Nc3 g6 3. Nf3 Bg7 4. g3 Nc6 5. Bg2 d6 6. d3 e5 7. O-O Nge7 8. a4
O-O 9. Ne2 h6 10. c3 Kh7 11. Ne1 f5 12. f4 d5 13. exd5 Nxd5 14. fxe5 Bxe5 15.
Nf4 Bxf4 16. Bxf4 Be6 17. Bc1 Nf6 18. Qd2 Ng8 19. Qe3 Qd6 20. Qf2 Bd5 21. Bf4
Qd7 22. Nf3 b6 23. d4 cxd4 24. Nxd4 Bxg2 25. Qxg2 Nxd4 26. Rfd1 Qc6 27. Rxd4
Qxg2+ 28. Kxg2 Rad8 29. Rad1 Rxd4 30. cxd4 Nf6 31. d5 g5 32. Bc7 Re8 33. Rd2
Kg6 34. d6 Nd7 35. h3 Re4 36. a5 Kf6 37. h4 gxh4 38. gxh4 Ke6 39. axb6 axb6 40.
Bd8 h5 41. Be7 b5 42. Kf1 b4 43. Rg2 Ne5 44. Re2 Rxe2 45. Kxe2 Nc4 46. b3 Na5
47. Bf8 Nxb3 48. d7 Kxd7 49. Bxb4 Ke6 50. Ke3 Ke5 51. Bc3+ Ke6 52. Kf4 Nc5 53.
Bd4 Ne4 54. Ba1 Nd2 55. Bc3 Ne4 1/2-1/2

[Event "22. Copenhagen Open  (Politiken Cup)"]
[Site "Copenhagen"]
[Date "2000.07.18"]
[Round "2"]
[White "Baekgaard, Martin"]
[Black "Gulko, Boris F"]
[Result "0-1"]
[WhiteElo "2170"]
[BlackElo "2643"]
[PlyCount "94"]
[EventDate "2000.07.17"]
[EventType "swiss"]
[EventRounds "11"]
[EventCountry "DEN"]
[SourceDate "2004.01.01"]

1. e4 c5 2. Nf3 e6 3. d3 Nc6 4. g3 g6 5. Bg2 Bg7 6. O-O Nf6 7. Nbd2 O-O 8. Re1
d5 9. Qe2 b6 10. Nf1 e5 11. Bg5 d4 12. Nxe5 Nxe5 13. f4 Bg4 14. Qf2 Qc7 15.
fxe5 Qxe5 16. Qf4 Qxf4 17. Bxf4 Rad8 18. a4 Nd7 19. Nd2 Ne5 20. Bxe5 Bxe5 21.
Nc4 Bc7 22. Rf1 Kg7 23. Rab1 Bd7 24. b3 f6 25. Bf3 h5 26. Kg2 a6 27. Ra1 Be6
28. Rfe1 Kh6 29. Be2 g5 30. h3 Ra8 31. Rf1 Kg6 32. g4 hxg4 33. Bxg4 Bxg4 34.
hxg4 Rh8 35. Rh1 Rxh1 36. Rxh1 b5 37. Nb2 Ba5 38. axb5 Bc3 39. Na4 axb5 40.
Nxc3 dxc3 41. Kf3 Ra2 42. Rc1 Ra8 43. Rh1 Kf7 44. Ke3 Ke6 45. Kf3 Ra2 46. Rc1
Ke5 47. Ke3 b4 {[#]} 0-1

[Event "22. Copenhagen Open  (Politiken Cup)"]
[Site "Copenhagen"]
[Date "2000.07.18"]
[Round "2"]
[White "Bohlke, Christian"]
[Black "Petersen, Kim Linde"]
[Result "1-0"]
[WhiteElo "2052"]
[BlackElo "1454"]
[PlyCount "37"]
[EventDate "2000.07.17"]
[EventType "swiss"]
[EventRounds "11"]
[EventCountry "DEN"]
[SourceDate "2004.01.01"]

1. e4 e5 2. Nf3 Nc6 3. d4 exd4 4. Nxd4 Qh4 5. Nc3 Bb4 6. Be2 Qxe4 7. Ndb5 Nf6
8. Nxc7+ Kd8 9. Nxa8 Nd4 10. O-O Bxc3 11. Bd3 Qc6 12. bxc3 Qxc3 13. Bf4 Ne6 14.
Bd6 Qc6 15. Bf5 Ne8 16. Bxe6 fxe6 17. Bb8 Qc5 18. Qf3 Ke7 19. Qe3 1-0

[Event "22. Copenhagen Open  (Politiken Cup)"]
[Site "Copenhagen"]
[Date "2000.07.18"]
[Round "2"]
[White "Carstensen, Jacob"]
[Black "Paaske, Asger"]
[Result "1-0"]
[WhiteElo "2254"]
[BlackElo "2038"]
[PlyCount "55"]
[EventDate "2000.07.17"]
[EventType "swiss"]
[EventRounds "11"]
[EventCountry "DEN"]
[SourceDate "2004.01.01"]

1. c4 Nf6 2. Nc3 c5 3. Nf3 Nc6 4. d4 cxd4 5. Nxd4 g6 6. e4 d6 7. Be2 Bg7 8. Nc2
Nd7 9. O-O Nc5 10. f3 O-O 11. Be3 f5 12. exf5 gxf5 13. Qd2 Kh8 14. b4 Nd7 15.
Rad1 f4 16. Bf2 Nf6 17. b5 Ne5 18. c5 Qe8 19. cxd6 exd6 20. Qxd6 Qg6 21. Qxe5
Nh5 22. Bd3 Bf5 23. Bxf5 Rxf5 24. Qc7 Rg8 25. Rd8 Rff8 26. Rxf8 Rxf8 27. Ne4
Rg8 28. Ne1 1-0

[Event "22. Copenhagen Open  (Politiken Cup)"]
[Site "Copenhagen"]
[Date "2000.07.18"]
[Round "2"]
[White "Damgaard, Sven"]
[Black "Karlstrom, Henrik"]
[Result "1-0"]
[WhiteElo "1887"]
[BlackElo "1296"]
[PlyCount "107"]
[EventDate "2000.07.17"]
[EventType "swiss"]
[EventRounds "11"]
[EventCountry "DEN"]
[SourceDate "2004.01.01"]

1. d4 b5 2. e4 Bb7 3. f3 a6 4. Bd3 e6 5. Ne2 c5 6. c3 Nf6 7. Be3 cxd4 8. cxd4
Nc6 9. Nbc3 Be7 10. Rc1 Bb4 11. O-O Ne7 12. Qb3 Ba5 13. a4 b4 14. Nb1 O-O 15.
Nd2 Nc6 16. Bb1 Qe7 17. Qd3 g6 18. Bg5 e5 19. d5 Bb6+ 20. Kh1 Nd4 21. Nxd4 Bxd4
22. Rc7 Rab8 23. Nb3 Bb6 24. Rc2 Qd6 25. f4 Nh5 26. a5 Ba7 27. fxe5 Qxe5 28.
Bh6 Rfc8 29. g4 Rxc2 30. Bxc2 Ng7 31. Bf4 Qxb2 32. Bxb8 Bxb8 33. Nc5 Qe5 34.
Qg3 Qxg3 35. hxg3 Bc8 36. Kg2 Bc7 37. Nb3 Ne8 38. Bd3 d6 39. Kf3 Bb7 40. Ke3
Bd8 41. Kd4 Bf6+ 42. Kc4 Bc3 43. Nd4 Kg7 44. Nc2 Nf6 45. Nxb4 Bxb4 46. Kxb4
Nxg4 47. Rc1 Ne5 48. Be2 Nd7 49. Rc7 Nc5 50. Rxc5 dxc5+ 51. Kxc5 Kf6 52. Kb6
Bc8 53. Bxa6 Bg4 54. Bd3 1-0

[Event "22. Copenhagen Open  (Politiken Cup)"]
[Site "Copenhagen"]
[Date "2000.07.18"]
[Round "2"]
[White "Dencker, Martin"]
[Black "Schyberg, Brian"]
[Result "0-1"]
[WhiteElo "1331"]
[BlackElo "1924"]
[PlyCount "56"]
[EventDate "2000.07.17"]
[EventType "swiss"]
[EventRounds "11"]
[EventCountry "DEN"]
[SourceDate "2004.01.01"]

1. e4 g6 2. d4 Bg7 3. Nf3 d6 4. Nc3 Nf6 5. h3 O-O 6. Bg5 c5 7. dxc5 Qa5 8. cxd6
exd6 9. Bd2 Qb6 10. Bd3 Qxb2 11. Rb1 Qa3 12. Nb5 Qc5 13. Bb4 Qc6 14. Nfd4 Qd7
15. Bxd6 Re8 16. Nc7 Qxd6 17. Ndb5 Qc5 18. Nxa8 a6 19. Nbc7 Nxe4 20. Qe2 Bc3+
21. Kf1 Ng3+ 22. fxg3 Rxe2 23. Bxe2 Be5 24. Ne8 Kf8 25. Bxa6 Bxg3 26. Ke2 Nxa6
27. Rhf1 Kxe8 28. Rf3 Qxc2+ 0-1

[Event "22. Copenhagen Open  (Politiken Cup)"]
[Site "Copenhagen"]
[Date "2000.07.18"]
[Round "2"]
[White "Dongart, Dennis"]
[Black "Schandorff, Lars"]
[Result "0-1"]
[WhiteElo "2138"]
[BlackElo "2520"]
[PlyCount "86"]
[EventDate "2000.07.17"]
[EventType "swiss"]
[EventRounds "11"]
[EventCountry "DEN"]
[SourceDate "2004.01.01"]

1. e4 c5 2. Nf3 d6 3. Bb5+ Nd7 4. d4 Ngf6 5. Nc3 a6 6. Bxd7+ Nxd7 7. e5 dxe5 8.
dxe5 e6 9. Ne4 Qc7 10. Bg5 h6 11. Bh4 b5 12. Qd2 Qc6 13. Qe2 Bb7 14. Ned2 g5
15. Bg3 Be7 16. O-O-O O-O-O 17. Rhe1 h5 18. h3 g4 19. Nh4 Nb6 20. Nb3 Rxd1+ 21.
Rxd1 Qe4 22. Qxe4 Bxe4 23. Nd2 Bg5 24. f4 gxf3 25. gxf3 Bc6 26. f4 Be7 27. Nhf3
Rg8 28. Rg1 Nd5 29. Bh2 Rxg1+ 30. Nxg1 Ne3 31. Ndf3 Nf1 32. Kd1 Be4 33. c3 Bd5
34. a3 Nxh2 35. Nxh2 Bh4 36. Ke2 Bg3 37. Nhf3 Bxf4 38. h4 Kd7 39. Ng5 Ke7 40.
Kd3 Bxe5 41. N1f3 Bf4 42. b4 f6 43. Ne4 c4+ 0-1

[Event "22. Copenhagen Open  (Politiken Cup)"]
[Site "Copenhagen"]
[Date "2000.07.18"]
[Round "2"]
[White "El Kher, Henrik"]
[Black "Greiff, Hkan"]
[Result "1-0"]
[WhiteElo "2374"]
[BlackElo "2284"]
[PlyCount "117"]
[EventDate "2000.07.17"]
[EventType "swiss"]
[EventRounds "11"]
[EventCountry "DEN"]
[SourceDate "2004.01.01"]

1. d4 d5 2. Bg5 Nf6 3. Bxf6 exf6 4. e3 c6 5. c4 dxc4 6. Bxc4 Bb4+ 7. Nc3 O-O 8.
Nge2 Nd7 9. O-O Nb6 10. Bb3 Qe7 11. Nf4 Bd6 12. Nd3 Rd8 13. Qf3 a5 14. Ne4 a4
15. Bc2 Be6 16. Nxd6 Rxd6 17. Nc5 g6 18. Rfd1 Kg7 19. Qg3 Rd5 20. e4 Rdd8 21.
Qc3 Bc8 22. a3 Re8 23. Re1 Qc7 24. Qb4 Nd7 25. Nxa4 Ra5 26. Nc5 Nxc5 27. dxc5
Re5 28. Qd2 Raxc5 29. b4 Rh5 30. g3 Rce5 31. f4 Re8 32. Bd1 Rh6 33. Bf3 Qb6+
34. Qe3 Qxe3+ 35. Rxe3 f5 36. Rae1 fxe4 37. Rxe4 Be6 38. h4 Rd8 39. Kf2 Bd5 40.
Rd4 Ra8 41. Bxd5 cxd5 42. Rd3 Rh5 43. Re7 b5 44. Ke3 Rf5 45. Kd4 Rc8 46. Rc3
Rb8 47. Rc5 Kf6 48. Rcc7 Kg7 49. Rb7 Ra8 50. Re3 Rf6 51. Rxb5 Rfa6 52. Rxd5
Rxa3 53. Rxa3 Rxa3 54. b5 Rxg3 55. b6 Rb3 56. Kc5 Kf6 57. Kc6 Ke6 58. Re5+ Kf6
59. b7 1-0

[Event "22. Copenhagen Open  (Politiken Cup)"]
[Site "Copenhagen"]
[Date "2000.07.18"]
[Round "2"]
[White "Erlandsen, Carsten"]
[Black "Hillarp Persson, Tiger"]
[Result "1-0"]
[WhiteElo "2165"]
[BlackElo "2549"]
[PlyCount "75"]
[EventDate "2000.07.17"]
[EventType "swiss"]
[EventRounds "11"]
[EventCountry "DEN"]
[SourceDate "2004.01.01"]

1. d4 g6 2. c4 Bg7 3. e4 d6 4. Nc3 Nf6 5. Bg5 h6 6. Bh4 c5 7. d5 O-O 8. f4 b5
9. cxb5 a6 10. e5 dxe5 11. fxe5 Ng4 12. d6 g5 13. Qd5 Ra7 14. Qxc5 Rd7 15. Bg3
Nxe5 16. O-O-O exd6 17. Qa3 axb5 18. Bxb5 Rb7 19. Qxd6 Nbd7 20. Nge2 Re8 21.
Nd4 Rb6 22. Qa3 Bb7 23. Nf5 Rxb5 24. Nxg7 Ra5 25. Qb4 Kxg7 26. Bxe5+ Raxe5 27.
Qxb7 R8e7 28. Rd2 Qe8 29. Rhd1 Nf6 30. Qf3 Re3 31. Qf5 Qc6 32. Kb1 Rb7 33. Nd5
Ne4 34. Rc2 Qb5 35. Nxe3 Nc3+ 36. Ka1 Nxd1 37. Qxb5 Rxb5 38. Nxd1 1-0

[Event "22. Copenhagen Open  (Politiken Cup)"]
[Site "Copenhagen"]
[Date "2000.07.18"]
[Round "2"]
[White "Ginsburg, Mark"]
[Black "Nielsen, Morten"]
[Result "1-0"]
[WhiteElo "2402"]
[BlackElo "2094"]
[PlyCount "57"]
[EventDate "2000.07.17"]
[EventType "swiss"]
[EventRounds "11"]
[EventCountry "DEN"]
[SourceDate "2004.01.01"]

1. c4 Nf6 2. Nc3 g6 3. e4 e5 4. Nf3 Nc6 5. d4 exd4 6. Nxd4 d6 7. Be2 Bg7 8. Be3
O-O 9. O-O Re8 10. f3 Be6 11. Nxe6 fxe6 12. Qb3 b6 13. Rad1 Qe7 14. Qa4 Ne5 15.
f4 Nf7 16. Qc6 Rab8 17. h3 Nd8 18. Qa4 Qd7 19. Qc2 Qe7 20. e5 dxe5 21. fxe5 Nd7
22. Ne4 Nxe5 23. Bg5 Qb4 24. a3 Qa5 25. Kh1 Ndf7 26. Nf6+ Bxf6 27. Bxf6 Qc5 28.
Qc3 b5 29. b4 1-0

[Event "22. Copenhagen Open  (Politiken Cup)"]
[Site "Copenhagen"]
[Date "2000.07.18"]
[Round "2"]
[White "Gislason, Ingolfur"]
[Black "Bromann, Thorbjorn"]
[Result "0-1"]
[WhiteElo "1780"]
[BlackElo "2261"]
[PlyCount "52"]
[EventDate "2000.07.17"]
[EventType "swiss"]
[EventRounds "11"]
[EventCountry "DEN"]
[SourceDate "2004.01.01"]

1. d4 d5 2. c4 Nc6 3. Nf3 Bg4 4. cxd5 Bxf3 5. gxf3 Qxd5 6. e3 e5 7. Nc3 Bb4 8.
Bd2 Bxc3 9. bxc3 Qd6 10. Qb3 b6 11. Bg2 Nge7 12. O-O O-O 13. f4 exf4 14. exf4
Rad8 15. Rae1 Nd5 16. Qd1 Na5 17. Re5 Nf6 18. Qe2 Qa3 19. Rf5 Rfe8 20. Qd3 Qxa2
21. Rxf6 gxf6 22. Bh3 Qd5 23. Bf5 Kh8 24. f3 Rg8+ 25. Kf2 Rg7 26. Re1 Rdg8 0-1

[Event "22. Copenhagen Open  (Politiken Cup)"]
[Site "Copenhagen"]
[Date "2000.07.18"]
[Round "2"]
[White "Golod, Vitali"]
[Black "Roder, Peter Ulrik"]
[Result "1-0"]
[WhiteElo "2590"]
[BlackElo "2167"]
[PlyCount "61"]
[EventDate "2000.07.17"]
[EventType "swiss"]
[EventRounds "11"]
[EventCountry "DEN"]
[SourceDate "2004.01.01"]

1. d4 Nf6 2. c4 c5 3. d5 b5 4. cxb5 a6 5. bxa6 g6 6. Nc3 Bxa6 7. g3 d6 8. Bg2
Bg7 9. Nf3 O-O 10. O-O Nbd7 11. Qc2 Qb6 12. Rd1 Rfb8 13. Rb1 Ne8 14. Bg5 Kf8
15. Qd2 Nc7 16. Bh6 Kg8 17. Bxg7 Kxg7 18. e4 Nb5 19. Na4 Qd8 20. Rbc1 Nb6 21.
Nxb6 Rxb6 22. b4 cxb4 23. Qxb4 Rab8 24. a4 Na7 25. Qd4+ Kg8 26. e5 Nc8 27. e6
f6 28. Qd2 Rb2 29. Rc2 Qb6 30. Nd4 Qxd4 31. Rxc8+ 1-0